| 000 | 00644cam a2200193 4500 | ||
|---|---|---|---|
| 001 | 4454 | ||
| 005 | 20181127173425.0 | ||
| 008 | 000720s2000 nyuab 000 1 eng | ||
| 010 | _a 00060827 | ||
| 020 | _a0553106635 | ||
| 100 | 1 | _aMartin, George R. R. | |
| 245 | 1 | 2 |
_aA storm of swords. _nPt. 1 : _bSteel and snow / _cGeorge R.R. Martin. |
| 260 |
_aLondon : _bHarperCollins Publishers, _c2014. |
||
| 300 |
_a661 p. : _bill., maps ; _c22 cm. |
||
| 490 | 1 | _aA song of ice and fire ; bk. 3 | |
| 500 | _aBook three of a song of ice and fire. | ||
| 655 | 7 |
_aFantasy fiction. _2gsafd |
|
| 800 | 1 |
_aMartin, George R. R. _tSong of ice and fire ; _vbk. 3. |
|
| 999 |
_c3687 _d3687 |
||